Obilnářství v socialistických státech a jeho intenzifikace : (Medzinárodní sborník

Na minha lista:
Detalhes bibliográficos
Formato: Livro
Publicado em: Praha : Zeross, 1989
Tags: Adicionar Tag
Sem tags, seja o primeiro a adicionar uma tag!

MARC

LEADER 00000nam a22000003a 4500
001 stu16565
005 20150408181624.9
008 ------s1989----cs----------------------d
040 |a STU  |b slo 
041 0
044 |a cs 
080 |a 633.1  |7 stu_us_auth*stu5517 
245 |a Obilnářství v socialistických státech a jeho intenzifikace :  |b (Medzinárodní sborník 
260 |a Praha :  |b Zeross,  |c 1989 
300 |a 306 :  |b Tab.,lit 
996 |b C86864  |c C*86864  |l CCX  |s P  |a 0  |w stu16565_0001